Jawets, Melnick, & Adelberg's medical microbiology / (Record no. 20761)
[ view plain ]
| 000 -LEADER | |
|---|---|
| fixed length control field | 00603nam a2200217 a 4500 |
| 005 - DATE AND TIME OF LATEST TRANSACTION | |
| control field | 20140310183250.0 |
| 008 - FIXED-LENGTH DATA ELEMENTS--GENERAL INFORMATION | |
| fixed length control field | 041019s19uu xx 00 eng d |
| 020 ## - INTERNATIONAL STANDARD BOOK NUMBER | |
| International Standard Book Number | 0071412077 |
| 050 ## - LIBRARY OF CONGRESS CALL NUMBER | |
| Classification number | QR 46 |
| Item number | .B873 2004 |
| 100 ## - MAIN ENTRY--PERSONAL NAME | |
| Personal name | Brooks, Geo F. |
| 245 ## - TITLE STATEMENT | |
| Title | Jawets, Melnick, & Adelberg's medical microbiology / |
| Statement of responsibility, etc | Geo F. Brooks. |
| 250 ## - EDITION STATEMENT | |
| Edition statement | International ed. |
| 260 ## - PUBLICATION, DISTRIBUTION, ETC. (IMPRINT) | |
| Place of publication, distribution, etc | U.S.A : |
| Name of publisher, distributor, etc | Mc-Graw-Hill, |
| Date of publication, distribution, etc | 2004. |
| 300 ## - PHYSICAL DESCRIPTION | |
| Extent | 818 p. : |
| Dimensions | 24 cm. |
| 521 ## - TARGET AUDIENCE NOTE | |
| Target audience note | |
| 650 ## - SUBJECT ADDED ENTRY--TOPICAL TERM | |
| Topical term or geographic name as entry element | Medical microbiology. |
| 700 ## - ADDED ENTRY--PERSONAL NAME | |
| Personal name | Butel, Janet S. |
| 700 ## - ADDED ENTRY--PERSONAL NAME | |
| Personal name | Morse, Stephen A. |
| 942 ## - ADDED ENTRY ELEMENTS (KOHA) | |
| Koha item type | Books |
| Source of classification or shelving scheme | Library of Congress Classification |
| Call number prefix | Foreign |
| Withdrawn status | Lost status | Source of classification or shelving scheme | Damaged status | Home library | Current library | Shelving location | Date acquired | Total Checkouts | Total Renewals | Full call number | Barcode | Date last seen | Date checked out | Copy number | Price effective from | Koha item type |
|---|---|---|---|---|---|---|---|---|---|---|---|---|---|---|---|---|
| Library of Congress Classification | College Library | College Library | General Circulation Section | 02/19/2010 | 4 | 30 | QR 46 .B873 2004 | C5325 | 05/15/2018 | 09/07/2017 | 1 | 03/10/2014 | Books |